000 01299nam a2200241Ia 4500
003 Ost
005 20260507075610.0
008 260507s9999||||xx |||||||||||||| ||und||
020 _a9789961014394
040 _cfsecg
041 _aara
082 _a330.1543
100 _aزغيب، شهرزاد
_eمؤلف
245 0 _aالإقتصاد الرياضي :
_bمحاضرات وتمارين محلولة /
_c شهرزاد زغيب
250 _aطبعة 2
260 _aالجزائر:
_bديوان المطبوعات الجامعية,
_c2014
300 _a336 صفحة؛
_bإيضاحات ؛
_c22 سم
504 _aالمراجع ص.365 قائمة المصطلحات ص.357
520 _aتناول هذا الكتاب الاقتصاد الرياضي وبين من خلال فصوله القواعد الجبرية والخطية وتطبيقاتها الاقتصادية التي جسدت من جهة في التحليل وجهة أخرى في تمارين محلولة ، بالإضافة الى توضيحات للمفاهيم الأساسية والضرورية المتعلقة بشكل عام بالمتغيرات والعلاقات الاقتصادية .
653 _aالاقتصاد الرياضي
700 _aبن ديب، رشيد
_eمؤلف ثانوي
942 _cكتاب
999 _c45065
_d45065